书目信息 |
| 题名: |
重访希区柯克
|
|
| 作者: | 伍德 著 ;徐展雄 译 | |
| 分册: | ||
| 出版信息: | 桂林 广西师范大学出版社 2013.11 |
|
| 页数: | 11,654页 | |
| 开本: | 23cm | |
| 丛书名: | 理想国 | |
| 单 册: | ||
| 中图分类: | J905.712 | |
| 科图分类: | ||
| 主题词: | 电影评论 | |
| 电子资源: | ||
| ISBN: | 978-7-5495-3391-6 | |
| 000 | 01216oam2 2200313 450 | |
| 001 | 0120131177773 | |
| 005 | 20140610083535.53 | |
| 010 | @a978-7-5495-3391-6@dCNY69.00 | |
| 100 | @a20131213d2013 em y0chiy0110 ea | |
| 101 | 1 | @achi@ceng |
| 102 | @aCN@b450000 | |
| 105 | @ay z 000yy | |
| 106 | @ar | |
| 200 | 1 | @a重访希区柯克@9chong fang xi qu ke ke@dHitchcock's films revisited@f(英)罗宾·伍德(Robin Wood)[著]@g徐展雄译@zeng |
| 210 | @a桂林@c广西师范大学出版社@d2013.11 | |
| 215 | @a11,654页@d23cm | |
| 225 | 2 | @a理想国@i电影馆@v05 |
| 330 | @a《重访希区柯克》是影评史上论述希区柯克这位黑色悬念电影大师的最经典著作。它完整收录了罗宾·伍德代表作《希区柯克电影》(1965)以及其在1976-1989年间关于希区柯克电影的新论,共18篇精彩绝伦的重量级文章。 | |
| 333 | @a影视艺术爱好者 | |
| 462 | 0 | @12001 @a理想国@i电影馆@v05 |
| 510 | 1 | @aHitchcock's films revisited@zeng |
| 600 | 0 | @a希区柯克@c(Hitchcock, A.@f1899-1980)@x电影评论 |
| 600 | 0 | @a希区柯克@c(Hitchcock, A.@f1899-1980) |
| 606 | 0 | @a电影评论 |
| 690 | @aJ905.712@v5 | |
| 701 | 0 | @c(英)@a伍德@9wu de@c(Wood, Robin@f1931-2009)@4著 |
| 702 | 0 | @a徐展雄@9xu zhan xiong@4译 |
| 801 | 0 | @aCN@b人天书店@c20131213 |
| 905 | @b846863-65@dJ905.712@e278@f3 | |
| 重访希区柯克=Hitchcock's films revisited/(英)罗宾·伍德(Robin Wood)[著]/徐展雄译.-桂林:广西师范大学出版社,2013.11 |
| 11,654页;23cm.-(理想国.电影馆;05) |
| 使用对象:影视艺术爱好者 |
| ISBN 978-7-5495-3391-6:CNY69.00 |
| 《重访希区柯克》是影评史上论述希区柯克这位黑色悬念电影大师的最经典著作。它完整收录了罗宾·伍德代表作《希区柯克电影》(1965)以及其在1976-1989年间关于希区柯克电影的新论,共18篇精彩绝伦的重量级文章。 |
| ● |
| 相关链接 |
|
|
|
|
正题名:重访希区柯克
索取号:J905.712/278
 
预约/预借
| 序号 | 登录号 | 条形码 | 馆藏地/架位号 | 状态 | 备注 |
| 1 | 846863 | 208468638 | 第一样本阅览室/ [索取号:J905.712/278] | 在馆 | |
| 2 | 846864 | 208468647 | 第一借阅区/ [索取号:J905.712/278] | 在馆 | |
| 3 | 846865 | 208468656 | 第一借阅区/ [索取号:J905.712/278] | 在馆 |